[Event "Tidlig Kort Paaske 2014"]
[Site "Skorping"]
[Date "2014.04.13"]
[Round "3"]
[White "Saliev, Ramadan"]
[Black "Pedersen, Jesper Christian"]
[Result "0-1"]
[WhiteElo "1193"]
[BlackElo "1524"]
[PlyCount "71"]
[EventDate "2014.??.??"]

1. d4 d5 2. Nf3 Nc6 3. g3 Bf5 4. a3 Nf6 5. Bg2 Qd7 6. Nbd2 O-O-O 7. c4 dxc4 8.
e3 Bd3 9. Bf1 Bxf1 10. Nxf1 e5 11. N1d2 exd4 12. O-O c3 13. Nc4 cxb2 14. Nxb2
dxe3 15. Bxe3 Qxd1 16. Rfxd1 Rxd1+ 17. Rxd1 Bxa3 18. Nc4 Be7 19. Nce5 Nxe5 20.
Nxe5 b6 21. Nxf7 Rf8 22. Ng5 Ng4 23. Ne6 Nxe3 24. fxe3 Rf7 25. Kg2 Bd6 26. Rd3
h6 27. Nd4 a5 28. e4 a4 29. Nb5 Bc5 30. Nc3 a3 31. e5 Re7 32. Rd2 Rxe5 33. Kf1
Bb4 34. Rd5 Bxc3 35. Rd3 Rc5 36. Rd8+ 0-1

[Event "Tidlig Kort Paaske 2014"]
[Site "Skorping"]
[Date "2014.04.14"]
[Round "4"]
[White "Jensen, Stig Gorm"]
[Black "Mikkelsen, Peter Jorgen Dam"]
[Result "0-1"]
[WhiteElo "1994"]
[BlackElo "2044"]
[PlyCount "176"]
[EventDate "2014.??.??"]

1. Nf3 g6 2. d4 Bg7 3. g3 Nf6 4. Bg2 O-O 5. O-O d6 6. b3 c6 7. Bb2 Qc7 8. Nbd2
d5 9. Ne5 Nbd7 10. Nxd7 Bxd7 11. c4 Rfe8 12. Rc1 Qb6 13. cxd5 cxd5 14. Nb1 Rad8
15. Nc3 Bc6 16. e3 a5 17. Ba3 e6 18. Bc5 Qa6 19. Re1 b6 20. Bf1 Qb7 21. Ba3 b5
22. b4 Bf8 23. Qb3 a4 24. Qc2 Rc8 25. Qe2 Rb8 26. Rb1 Ne4 27. Nxe4 dxe4 28. Bc1
Rec8 29. a3 Bd5 30. Qb2 Bb3 31. Qa1 Qd5 32. Bb2 Rc2 33. Rbc1 Rbc8 34. Rxc2 Rxc2
35. Re2 Rc6 36. Re1 h5 37. Rc1 Bc2 38. Bc3 Bd3 39. Bd2 Rxc1 40. Qxc1 h4 41. f4
g5 42. Qc3 hxg3 43. hxg3 Bxf1 44. Kxf1 Qf5 45. Be1 Qh3+ 46. Ke2 Qg2+ 47. Bf2
Qf3+ 48. Ke1 g4 49. Qc6 Qh1+ 50. Ke2 Qa1 51. Qxb5 Qxa3 52. Qg5+ Bg7 53. Qd8+
Kh7 54. Qh4+ Bh6 55. Qf6 Qd3+ 56. Ke1 Qc3+ 57. Kf1 Qc7 58. f5 a3 59. fxe6 a2
60. e7 Qc4+ 61. Kg2 a1=Q 62. Qf5+ Kg7 63. Qxg4+ Kf6 64. Qh4+ Bg5 65. e8=N+ Ke7
66. Qxg5+ Kxe8 67. Qe5+ Qe6 68. Qb5+ Ke7 69. Qg5+ f6 70. Qc5+ Qd6 71. Qf5 Qa8
72. Qh7+ Ke6 73. Qh3+ f5 74. Qh6+ Kd5 75. Qh7 Qe6 76. Qc7 Qac6 77. Qa5+ Kc4 78.
Be1 Qb6 79. Qa2+ Kb5 80. Qe2+ Qc4 81. Qh5 Qbe6 82. Qh7 Qe2+ 83. Bf2 Qf3+ 84.
Kg1 Qc8 85. Be1 Qxe3+ 86. Bf2 Qcc1+ 87. Kg2 Qf3+ 88. Kh2 Qch1# 0-1

[Event "Tidlig Kort Paaske 2014"]
[Site "Skorping"]
[Date "2014.04.14"]
[Round "4"]
[White "Jacobsen, Hans Endrup"]
[Black "Vangsgaard, Bjarke"]
[Result "0-1"]
[WhiteElo "1947"]
[BlackElo "1765"]
[PlyCount "104"]
[EventDate "2014.??.??"]

1. Nf3 d5 2. d4 Bf5 3. g3 Nf6 4. Bg2 e6 5. c4 c5 6. O-O Nc6 7. cxd5 Qxd5 8. Nc3
Qd8 9. Bf4 cxd4 10. Nb5 Nd5 11. Nfxd4 Nxd4 12. Qxd4 a6 13. Nc3 Nxf4 14. Qxf4
Bd6 15. Qa4+ Ke7 16. Bxb7 Rb8 17. Bf3 Rxb2 18. Qxa6 Qb6 19. Qxb6 Rxb6 20. e4
Bg6 21. Rab1 Rhb8 22. Rxb6 Rxb6 23. a4 Rb3 24. Ra1 Rxc3 25. Bg2 Ra3 26. Rxa3
Bxa3 27. f3 Bb4 28. Bf1 f6 29. Bc4 e5 30. Bb3 Bf7 31. Bd1 Bc4 32. Kg2 Bd3 33.
Kh3 g5 34. Kg4 Kf7 35. h4 gxh4 36. Kxh4 Kg6 37. Kg4 f5+ 38. Kh3 fxe4 39. fxe4
Bxe4 40. g4 Kg5 41. Kg3 Be1+ 42. Kh2 Bf2 43. Be2 Kf4 44. a5 Bf3 45. Bc4 Kxg4
46. a6 Kf4 47. Bb5 h5 48. Bc4 h4 49. Be6 e4 50. Bd5 Bg3+ 51. Kh3 Bg4+ 52. Kg2
h3+ 0-1

[Event "Tidlig Kort Paaske 2014"]
[Site "Skorping"]
[Date "2014.04.14"]
[Round "4"]
[White "Vangsgaard, Claus"]
[Black "Vangsgaard, Freja"]
[Result "1/2-1/2"]
[WhiteElo "1863"]
[BlackElo "1784"]
[PlyCount "35"]
[EventDate "2014.??.??"]

1. e4 d5 2. exd5 Qxd5 3. Nc3 Qa5 4. d4 Nf6 5. Bc4 c6 6. Bd2 Qc7 7. Nf3 Bf5 8.
Qe2 e6 9. O-O-O Be7 10. Rhe1 Nd5 11. Nxd5 cxd5 12. Bd3 Bxd3 13. Qxd3 Nc6 14.
Kb1 O-O-O 15. g3 Nb4 16. Qc3 Qxc3 17. Bxc3 Nc6 18. Ne5 1/2-1/2

[Event "Tidlig Kort Paaske 2014"]
[Site "Skorping"]
[Date "2014.04.14"]
[Round "4"]
[White "Dahl, Steve"]
[Black "Simonsen, Regnar"]
[Result "1/2-1/2"]
[WhiteElo "1807"]
[BlackElo "1836"]
[PlyCount "62"]
[EventDate "2014.??.??"]

1. e4 c5 2. Nf3 a6 3. d4 cxd4 4. Nxd4 e5 5. Nf3 Nf6 6. Bd3 d5 7. Qe2 dxe4 8.
Bxe4 Bd6 9. O-O O-O 10. Bg5 Nbd7 11. Rd1 Qc7 12. Nc3 Re8 13. Nd5 Nxd5 14. Bxd5
Nc5 15. Qc4 Be6 16. Bxe6 Nxe6 17. Qxc7 Bxc7 18. Be3 Red8 19. g3 f6 20. Kf1 Kf7
21. Ke2 Rac8 22. Rxd8 Bxd8 23. c3 Be7 24. Rd1 Ke8 25. Nh4 g6 26. Ng2 Bc5 27.
Bxc5 Nxc5 28. Ne3 Na4 29. Rd2 Rd8 30. Rxd8+ Kxd8 31. Nd1 Kd7 1/2-1/2

[Event "Tidlig Kort Paaske 2014"]
[Site "Skorping"]
[Date "2014.04.14"]
[Round "4"]
[White "Pedersen, Jesper Christian"]
[Black "Rasmussen, Morten Thor"]
[Result "0-1"]
[WhiteElo "1524"]
[BlackElo "1810"]
[PlyCount "30"]
[EventDate "2014.??.??"]

1. e4 e5 2. Nf3 f5 3. Nxe5 Nc6 4. Nxc6 dxc6 5. Nc3 Bc5 6. d3 Nf6 7. Bg5 O-O 8.
Qe2 h6 9. Bxf6 Qxf6 10. g3 fxe4 11. dxe4 Bxf2+ 12. Kd1 Be6 13. Kc1 Rad8 14. Bg2
Qg5+ 15. Kb1 Rd2 0-1

[Event "Tidlig Kort Paaske 2014"]
[Site "Skorping"]
[Date "2014.04.14"]
[Round "4"]
[White "Andersen, Sten Bo"]
[Black "Hansen, Norman Asger"]
[Result "0-1"]
[WhiteElo "1167"]
[BlackElo "1654"]
[PlyCount "96"]
[EventDate "2014.??.??"]

1. e4 Nc6 2. Nf3 d6 3. h3 Nf6 4. Nc3 e6 5. d4 Be7 6. Bd3 O-O 7. O-O a6 8. Re1
b5 9. a3 Bb7 10. b4 d5 11. e5 Nd7 12. Bb2 Nb6 13. Qd2 Nb8 14. Qf4 N8d7 15. Qg4
g6 16. Re2 Nc4 17. Bxc4 dxc4 18. Ne4 Bxe4 19. Rxe4 Nb6 20. c3 Nd5 21. h4 a5 22.
Rc1 h5 23. Qg3 axb4 24. cxb4 c3 25. Bxc3 Rxa3 26. Bd2 Bxb4 27. Bxb4 Nxb4 28.
Qg5 Qxg5 29. Nxg5 Nd5 30. g4 b4 31. gxh5 gxh5 32. Ree1 Rc3 33. Kh2 Ra8 34. Rg1
Rxc1 35. Rxc1 Ra2 36. Ne4 b3 37. Rg1+ Kf8 38. Rb1 Re2 39. Nc5 b2 40. Na4 Rxf2+
41. Kg3 Rd2 42. Rxb2 Rxd4 43. Rb8+ Kg7 44. Nc5 Rg4+ 45. Kf3 Rxh4 46. Nd7 Rf4+
47. Kg3 Rd4 48. Kh3 Nf4+ 0-1

[Event "Tidlig Kort Paaske 2014"]
[Site "Skorping"]
[Date "2014.04.14"]
[Round "4"]
[White "Balslev, Uffe"]
[Black "Lytzen, Lars Erik"]
[Result "1-0"]
[WhiteElo "1653"]
[BlackElo "1075"]
[PlyCount "101"]
[EventDate "2014.??.??"]

1. d4 d5 2. c4 c6 3. Nf3 Nf6 4. e3 Bf5 5. Qb3 Qc7 6. Nc3 e6 7. Bd2 Nbd7 8. Rc1
Qb6 9. Be2 Qxb3 10. axb3 Bb4 11. Na2 Bxd2+ 12. Nxd2 O-O 13. f3 Nb6 14. O-O a5
15. Nc3 Rfe8 16. Rfe1 e5 17. c5 Nbd7 18. Kf2 Rab8 19. Ra1 Ra8 20. Ra3 exd4 21.
exd4 Bg6 22. Rea1 Reb8 23. b4 b6 24. cxb6 Rxb6 25. b5 c5 26. dxc5 Nxc5 27. Rxa5
Rxa5 28. Rxa5 h6 29. Na4 Nxa4 30. Rxa4 Bc2 31. Ra6 Rb8 32. Rd6 Ba4 33. b6 Nd7
34. b3 Rxb6 35. Rxb6 Nxb6 36. bxa4 Nxa4 37. Ke3 Kf8 38. Kd4 Nb6 39. Nb1 Ke7 40.
Kc5 Nd7+ 41. Kxd5 Nf6+ 42. Kd4 Nh5 43. Ba6 Nf4 44. g3 Nh3 45. Nd2 Kf6 46. Ne4+
Ke7 47. Ke3 f5 48. Nc3 Ke6 49. Bc8+ Ke5 50. f4+ Kf6 51. Nd5+ 1-0

[Event "Tidlig Kort Paaske 2014"]
[Site "Skorping"]
[Date "2014.04.14"]
[Round "5"]
[White "Schoning, Lars"]
[Black "Vangsgaard, Claus"]
[Result "1-0"]
[WhiteElo "1956"]
[BlackElo "1863"]
[PlyCount "143"]
[EventDate "2014.??.??"]

1. d4 Nf6 2. c4 c5 3. d5 b5 4. cxb5 a6 5. b6 Bb7 6. Nc3 Qxb6 7. Nf3 d6 8. a4
Nbd7 9. a5 Qc7 10. e4 g6 11. Nd2 Bg7 12. Nc4 O-O 13. Bd3 Ne8 14. Na4 Ne5 15.
Nab6 Rd8 16. O-O Nxd3 17. Qxd3 Nf6 18. Ra3 e5 19. Bg5 Rb8 20. Qf3 Ne8 21. Qh3
f5 22. f3 Rf7 23. Qh4 Bf6 24. Ne3 Qd8 25. Bxf6 Qxf6 26. Qxf6 Nxf6 27. exf5 gxf5
28. Nxf5 Rff8 29. Nxd6 Bxd5 30. Nxd5 Nxd5 31. Nc4 Rb4 32. Rc1 Nf4 33. Rc2 e4
34. Re3 Rd8 35. Rxe4 Rd4 36. Kf2 Nd3+ 37. Ke2 Nf4+ 38. Ke3 Nd5+ 39. Kf2 Nf4 40.
g3 Nd3+ 41. Ke2 Rb3 42. Rc3 Rd8 43. Rxb3 Nc1+ 44. Ke3 Nxb3 45. Re6 Rd4 46. Ne5
Rd2 47. Rb6 Rxb2 48. Nd3 Ra2 49. Rxb3 c4 50. Rb8+ Kg7 51. Rb7+ Kg8 52. Nf4 Rxa5
53. Kd4 Ra3 54. Ne6 c3 55. Kd3 Ra2 56. h4 Rg2 57. Rg7+ Kh8 58. Kxc3 Re2 59. Re7
Kg8 60. Kb4 Re3 61. Ka5 Rxf3 62. Rg7+ Kh8 63. Rxh7+ Kg8 64. Rg7+ Kh8 65. Rg4
Rf6 66. Nc7 Kh7 67. Nxa6 Kh6 68. Nc5 Rf5 69. Kb4 Kh5 70. Rg8 Rf6 71. Rg5+ Kh6
72. Kc4 1-0

[Event "Tidlig Kort Paaske 2014"]
[Site "Skorping"]
[Date "2014.04.14"]
[Round "5"]
[White "Jacobsen, Hans Endrup"]
[Black "Balslev, Uffe"]
[Result "1-0"]
[WhiteElo "1947"]
[BlackElo "1653"]
[PlyCount "107"]
[EventDate "2014.??.??"]

1. e4 c6 2. d4 d5 3. Nc3 dxe4 4. Nxe4 Nf6 5. Ng3 Qc7 6. Nf3 Bg4 7. Be2 e6 8. c4
Bb4+ 9. Bd2 Bxd2+ 10. Qxd2 O-O 11. O-O Rd8 12. Qe3 Nbd7 13. Rfd1 c5 14. Rac1
Rac8 15. dxc5 Qxc5 16. Qc3 a5 17. a3 Qb6 18. b4 axb4 19. Qxb4 Qa7 20. h3 Bxf3
21. Bxf3 Nc5 22. Qc3 h6 23. Qe3 b6 24. Ne2 Rxd1+ 25. Rxd1 Qa4 26. Rb1 Ncd7 27.
Rb4 Qa6 28. Nd4 Rxc4 29. Be2 b5 30. Bxc4 bxc4 31. Qc1 c3 32. Qxc3 Nd5 33. Qc4
Nxb4 34. Qxb4 Qc8 35. Qd6 Nf6 36. Nc6 Kh7 37. Qd3+ Kh8 38. Qd8+ Qxd8 39. Nxd8
Kg8 40. a4 Nd5 41. Nc6 Kf8 42. a5 Nc7 43. f4 f6 44. Kf2 Ke8 45. Ke3 Kd7 46. Nb4
Kd6 47. Kd4 h5 48. Nd3 Kc6 49. Kc4 g6 50. h4 Nd5 51. Nb4+ Nxb4 52. Kxb4 e5 53.
fxe5 fxe5 54. Kc4 1-0

[Event "Tidlig Kort Paaske 2014"]
[Site "Skorping"]
[Date "2014.04.14"]
[Round "5"]
[White "Simonsen, Regnar"]
[Black "Jensen, Stig Gorm"]
[Result "1/2-1/2"]
[WhiteElo "1836"]
[BlackElo "1994"]
[PlyCount "53"]
[EventDate "2014.??.??"]

1. d4 f5 2. Nf3 Nf6 3. c4 d6 4. Nc3 g6 5. e3 Bg7 6. g3 O-O 7. Bg2 Qe8 8. Qb3 h6
9. c5+ Kh7 10. cxd6 exd6 11. O-O Na6 12. Re1 c6 13. a3 g5 14. Qc2 Kh8 15. b4
Bd7 16. Bb2 Qf7 17. Rad1 Be6 18. Rc1 Ne4 19. h4 Bb3 20. Qe2 Bc4 21. Qc2 g4 22.
Nd2 Nxc3 23. Nxc4 Qxc4 24. Qxc3 Qxc3 25. Rxc3 Nc7 26. Rc2 d5 27. Bf1 1/2-1/2

[Event "Tidlig Kort Paaske 2014"]
[Site "Skorping"]
[Date "2014.04.14"]
[Round "5"]
[White "Vangsgaard, Freja"]
[Black "Hansen, Norman Asger"]
[Result "1/2-1/2"]
[WhiteElo "1784"]
[BlackElo "1654"]
[PlyCount "104"]
[EventDate "2014.??.??"]

1. d4 Nf6 2. c4 e6 3. Nc3 b6 4. Bg5 Be7 5. e3 Bb7 6. Nf3 O-O 7. Be2 d6 8. O-O
Nbd7 9. Qc2 d5 10. b3 h6 11. Bh4 a6 12. h3 Rc8 13. cxd5 exd5 14. Rfd1 b5 15.
Qb2 Nb6 16. a3 Nfd7 17. Bxe7 Qxe7 18. a4 b4 19. Na2 a5 20. Nc1 Nb8 21. Nd3 Ba6
22. Nc5 Bxe2 23. Qxe2 c6 24. Ne5 N6d7 25. Nexd7 Nxd7 26. Rac1 Nxc5 27. Rxc5 f5
28. Rxa5 f4 29. Rc5 Qe4 30. Qd3 fxe3 31. Qxe4 exf2+ 32. Kf1 dxe4 33. Re5 Rf4
34. Rd2 Rd8 35. a5 e3 36. Rxe3 Rfxd4 37. Re8+ Rxe8 38. Rxd4 Ra8 39. Rxb4 Rxa5
40. Kxf2 Ra2+ 41. Kf3 Rb2 42. Rb7 Kh7 43. g4 Kg6 44. Rb6 Rc2 45. h4 Rc1 46. Kf4
Rc5 47. Ke4 Kf6 48. Kd4 Rc1 49. b4 Ke7 50. Rb7+ Kf6 51. Rc7 g6 52. Kd3 Rd1+
1/2-1/2

[Event "Tidlig Kort Paaske 2014"]
[Site "Skorping"]
[Date "2014.04.14"]
[Round "5"]
[White "Vangsgaard, Bjarke"]
[Black "Dahl, Steve"]
[Result "1-0"]
[WhiteElo "1765"]
[BlackElo "1807"]
[PlyCount "47"]
[EventDate "2014.??.??"]

1. d4 Nf6 2. Bf4 d6 3. Nf3 g6 4. e3 Bg7 5. Be2 O-O 6. O-O c6 7. c4 Qb6 8. Qc1
c5 9. Nc3 cxd4 10. exd4 Bf5 11. Bh6 Bxh6 12. Qxh6 Qxb2 13. Rac1 Nc6 14. h3 Be4
15. Ng5 d5 16. cxd5 Bf5 17. dxc6 bxc6 18. g4 e6 19. gxf5 exf5 20. Bd3 Qd2 21.
Nd5 cxd5 22. Rc6 Qxd3 23. Rxf6 Qxf1+ 24. Kxf1 1-0

[Event "Tidlig Kort Paaske 2014"]
[Site "Skorping"]
[Date "2014.04.14"]
[Round "5"]
[White "Pedersen, Jesper Christian"]
[Black "Davidsen, Niels Chr"]
[Result "0-1"]
[WhiteElo "1524"]
[BlackElo "1933"]
[PlyCount "54"]
[EventDate "2014.??.??"]

1. e4 c5 2. Nf3 Nc6 3. Nc3 g6 4. d4 cxd4 5. Nxd4 Bg7 6. Nxc6 bxc6 7. Be3 d6 8.
f4 Nf6 9. Be2 O-O 10. e5 dxe5 11. fxe5 Nd5 12. Nxd5 cxd5 13. Bd4 e6 14. O-O Qc7
15. Rf3 Bxe5 16. Bxe5 Qxe5 17. c3 Qc7 18. Qd2 Rb8 19. Kh1 f5 20. Raf1 Bb7 21.
Rc1 Rbc8 22. c4 Qe7 23. Rfc3 Rfd8 24. c5 d4 25. Ra3 Rxc5 26. Rxc5 Qxc5 27. Rc3
Qd5 0-1

[Event "Tidlig Kort Paaske 2014"]
[Site "Skorping"]
[Date "2014.04.14"]
[Round "5"]
[White "Lytzen, Lars Erik"]
[Black "Andersen, Sten Bo"]
[Result "1/2-1/2"]
[WhiteElo "1075"]
[BlackElo "1167"]
[PlyCount "88"]
[EventDate "2014.??.??"]

1. d4 Nf6 2. c4 e6 3. Nc3 d5 4. e3 Bb4 5. Bd2 O-O 6. a3 Bxc3 7. Bxc3 Ne4 8. Qc2
b6 9. Nf3 Nc6 10. Bd3 Ba6 11. Bxe4 dxe4 12. Qxe4 Qd7 13. Ne5 Nxe5 14. Qxe5 f6
15. Qe4 Bxc4 16. f3 Qd5 17. Qxd5 exd5 18. O-O-O Bb3 19. Rdg1 Rfe8 20. Bd2 Rac8
21. Re1 c5 22. dxc5 Rxc5+ 23. Bc3 a5 24. Kd2 b5 25. Rc1 a4 26. Bb4 Rc4 27. Rc3
Rxc3 28. Bxc3 Bc4 29. Re1 f5 30. f4 Re6 31. h3 Rg6 32. Rg1 Rg3 33. Bd4 g5 34.
fxg5 Rxg5 35. Ke1 h5 36. Kf2 Kf7 37. Kf3 Bd3 38. Kf4 Kg6 39. g3 Kh6 40. Rc1 Bc4
41. Bf6 Rg8 42. Rg1 Kg6 43. Bd4 Re8 44. Be5 Bd3 1/2-1/2